00725nam a2200217 i 4500001001000000003000900010005001700019007000300036008004100039040003000080041000800110082001900118100007100137245004700208264007400255300002800329336002700357337003300384338002700417500006300444000026254DO-SdBNP20260522090746.0ta110307s1988 dr 000 0 spa d aDO-SdBNPbspacBNPHUerda aspa 4axxxbC793i2221 aCorcino, Damián A., q (Damián Antonio), |d1943-eautor4aut.10aIdentidad nacional /cDamián A. Corcino. 1aSanto Domingo, República Dominicana :bEditora Alfa y Omega,c1988. a157 páginas ;c21 cm. atextobtxt2rdacontent asin mediaciónbn2rdamedia avolumenbn2rdacarrier aIncluye datos biográficos del autor en la contracubierta